Your world of pets /

Describes the wild ancestors of modern pets, how to choose a suitable pet, and how to care for eleven different kinds, including dogs, cats, rabbits, gerbils, fish, and horses.

Bibliographic Details
Main Author: McGrath, Susan, 1955-
Other Authors: Gibson, Barbara (Illustrator)
Format: Book
Language:English
Published: Washington, D.C. : National Geographic Society, [1985]
Series:Books for world explorers.
Subjects:

MARC

Tag First Indicator Second Indicator Subfields
LEADER 00000cam a2200000 a 4500
001 in00000009886
005 20151007051558.0
008 850415s1985 dcua j b 00110 eng
010 |a  85007288  
020 |a 0870445170 
020 |a 0870445227 (lib. bdg.) 
035 |a (OCoLC)12080007 
035 |9 AAA3718AM 
040 |a DLC  |c DLC  |d m/c  |d TXA  |d UtOrBLW 
049 |a [Curr Col] TXAM  |c [A12641314] 
050 0 0 |a SF416.2  |b .M32 1985 
050 4 |a SF416.2  |b .M32 1986 
082 0 |a 636.08/87  |2 19 
100 1 |a McGrath, Susan,  |d 1955- 
245 1 0 |a Your world of pets /  |c by Susan McGrath ; art by Barbara L. Gibson. 
264 1 |a Washington, D.C. :  |b National Geographic Society,  |c [1985] 
264 3 |c 1986 printing 
264 4 |c ©1985 
300 |a 104 pages :  |b color illustrations ;  |c 28 cm. 
336 |a text  |b txt  |2 rdacontent 
337 |a unmediated  |b n  |2 rdamedia 
338 |a volume  |b nc  |2 rdacarrier 
490 1 |a Books for world explorers 
504 |a Bibliography: page 104. 
500 |a Includes index. 
520 |a Describes the wild ancestors of modern pets, how to choose a suitable pet, and how to care for eleven different kinds, including dogs, cats, rabbits, gerbils, fish, and horses. 
650 0 |a Pets  |v Juvenile literature. 
650 1 |a Pets. 
700 1 |a Gibson, Barbara,  |e illustrator. 
830 0 |a Books for world explorers. 
999 |a MARS 
999 f f |s d0b5e3af-3d92-3f36-831f-47a3c954e7d9  |i c3236ba0-6a60-3318-ada3-b6544031468c  |t 0 
952 f f |p ric  |a Texas A&M University  |b Rellis Campus  |c Joint Library Facility  |d Remote Storage  |t 0  |e SF416.2 .M32 1986  |h Library of Congress classification  |i unmediated -- volume  |m A14812641314 
998 f f |a SF416.2 .M32 1986  |t 0  |l Remote Storage